| 000 | 01201cam a2200253 4500 | ||
|---|---|---|---|
| 001 | X113217 | ||
| 008 | 000000n2001 000 0 eng u | ||
| 035 | _a(Sirsi) u113217 | ||
| 100 | _aMalaquin, P. | ||
| 245 | _aLand tax reform in Russia | ||
| 260 | _c2001 | ||
| 490 |
_aRICS European Alert _vMay 2001, 8(1) |
||
| 520 | _aAn article by the Honorary Secretary of RICS France on a study carried out under the EU's TACIS programme on improving Russia's land reform programme. The report has proposed the creation of a federal cadastral body to replace the three different land registries and that the development of planning briefs, which ceased on the fall of communism, should continue. A review of cadastral values of both rural and urban plots across the Russian Federation will be completed by the end of 2001 and will allow new land tax rates of between 0.5% and 2% to be introduced according to region. | ||
| 650 | _aCADASTRAL REFORM | ||
| 650 | _aCADASTRAL SURVEYS | ||
| 650 | _aLAND REFORM | ||
| 650 | _aLAND TAX | ||
| 650 | _aPROPERTY TAXES | ||
| 650 | _aRUSSIA | ||
| 650 | _aRUSSIAN FEDERATION | ||
| 650 | _aTAX SYSTEM | ||
| 690 | _aRATING AND LOCAL TAXATION | ||
| 942 | _n0 | ||
| 999 |
_c67426 _d67426 |
||